| 000 | 01153cam a2200325Ia 4500 | ||
|---|---|---|---|
| 001 | 90450 | ||
| 005 | 20230410101742.0 | ||
| 008 | 080116s2006 cu a b 001 0 spa d | ||
| 035 | _a(OCoLC)ocn190844459 | ||
| 040 |
_aIND _cIND _dIND |
||
| 020 | _a9590608728 | ||
| 020 | _a9789590608728 | ||
| 035 | _a(OCoLC)190844459 | ||
| 043 |
_an-us--- _an-mx--- |
||
| 050 | 1 | 4 |
_a112 E 404 _bL864g 2006 |
| 100 | 1 |
_aLópez y Rivas, Gilberto, _d1943- |
|
| 245 | 1 | 3 |
_aLa guerra del 47 y la resistencia popular a la ocupación / _cGilberto López y Rivas. |
| 260 |
_aLa Habana : _bInstituto Cubano del Libro/ Editorial de Ciencias Sociales, _c2006 |
||
| 300 |
_a201 p. : _bill. ; _c19 cm. |
||
| 440 | 0 | _aHistoria | |
| 500 | _a"Tomada con la correspondiente autorización de la edición presentada por la Editorial Nuestro Tiempo de Mexico 1976". | ||
| 504 | _aIncludes bibliographical references and index | ||
| 650 | 0 | _aMexican War, 1846-1848. | |
| 651 | 0 |
_aUnited States _xTerritorial expansion. |
|
| 650 | 0 | _aGuerra mexicana, 1846-1848 | |
| 651 | 4 |
_aEstados Unidos _xExpansión territorial |
|
| 942 |
_2lcc _cbk |
||
| 994 |
_aC0 _bDRFGD |
||
| 946 | _aMF | ||
| 999 |
_c13400 _d13400 |
||